| 000 | 00651nam a2200217 a 4500 | ||
|---|---|---|---|
| 005 | 20240208063709.0 | ||
| 008 | 991125s1984 es 000 0 spa u | ||
| 020 | _a8428105472 | ||
| 035 | _aUPN01000010015 | ||
| 049 | _aCG | ||
| 050 | 4 |
_aRC555 _bM8.28 |
|
| 100 | 1 |
_aMucchielli, Roger, _d1919- _940051 |
|
| 245 | 1 | 4 |
_aLos complejos / _cRoger Mucchielli ; tr. Josep Rovira. |
| 260 |
_aBarcelona, Esp. : _bOikos-Tau, _c1984. |
||
| 300 | _a136 p. | ||
| 440 | 0 |
_aPsicología-psiquiatría ; _v10 |
|
| 650 | 4 |
_aCOMPLEJO DE INFERIORIDAD _99825 |
|
| 650 | 4 |
_aCOMPLEJOS (PSICOLOGIA) _99826 |
|
| 650 | 2 |
_aTrastornos de la personalidad _95295 |
|
| 905 | _aLibro | ||
| 999 |
_c10015 _d10015 |
||